West Midlands Metro tram stops - Statistics

General Stats
  • This quiz has been taken 42 times
    3 since last reset
  • The average score is 31 of 35
Answer Stats
Answer % Correct
Albert Street
100%
Black Lake
100%
Bull Street
100%
Corporation Street
100%
Dudley Street Guns Village
100%
Edgbaston Village
100%
Five Ways
100%
Grand Central
100%
Handsworth Booth Street
100%
Jewellery Quarter
100%
Library
100%
Lodge Road
100%
Millenium Point
100%
Priestfield
100%
Soho Benson Road
100%
St Chads
100%
St Paul's
100%
The Hawthorns
100%
The Royal
100%
Town Hall
100%
Wednesbury Great Western Street
100%
Wednesbury Parkway
100%
West Bromwich Central
100%
Wolverhampton Station
100%
Wolverhampton St George's
100%
Bilston Central
67%
Bradley Lane
67%
Dartmouth Street
67%
Kenrick Park
67%
Loxdale
67%
Pipers Row
67%
The Crescent
67%
Trinity Way
67%
Winson Green Outer Circle
67%
Brindleyplace
33%
No matching quizzes found
Score Distribution
Percent of People with Each Score
Percentile by Number Answered
Your Score History
You have not taken this quiz since the last reset